| 000 | 01003cad a22002295a 4500 | ||
|---|---|---|---|
| 001 | E150090 | ||
| 008 | 100601s2010 xxk f l s000 0 eng d | ||
| 035 | _a(Sirsi) u150090 | ||
| 041 | 0 | _aeng | |
| 110 | 2 |
_aScotland _kLaws, etc |
|
| 245 | 0 | 4 |
_aThe Disposal of Land by Local Authorities (Scotland) Regulations 2010 _h[electronic resource] |
| 260 |
_aLondon _bOPSI _c2010 |
||
| 490 | 0 |
_aScottish Statutory Instrument _v2010: 160 |
|
| 520 | _aThese Regulations make provision in relation to the disposal by local authorities of land, for a consideration less than the best that can reasonably be obtained. Comes into force 1 June 2010. | ||
| 521 | _aAdvanced | ||
| 590 | _aKA | ||
| 650 | 2 | 4 | _aDISPOSAL OF LAND BY LOCAL AUTHORITIES (SCOTLAND) REGULATIONS 2010 |
| 651 | 4 |
_aScotland _y1999- |
|
| 690 | _aPROPERTY-ACQUISITION AND DISPOSAL OF PROPERTY | ||
| 856 | 4 | 0 |
_uhttps://www.opsi.gov.uk/legislation/scotland/ssi2010/ssi_20100160_en_1 _zView the SI free of charge at www.opsi.gov.uk... |
| 942 | _n0 | ||
| 999 |
_c110732 _d110732 |
||